000 00546nam a22001697a 4500
003 ASAB
005 20180827062840.0
008 180511t xxu||||| |||| 00| 0 eng d
040 _cASAB
082 _aThesis 2013 SA
100 _aSikandar Azam-sup-Dr. Sobia Manzoor
_93932
245 _aTH-MS-Therapeutic role of Aspirin in AICI3-induced mouse model of Alzheimer’s disease
_cSikandar Azam-sup-Dr. Sobia Manzoor
260 _aIslamabad.
_bASAB NUST
_c2013
300 _axv, 94 P
630 _aVirology and Immunology
_93933
942 _2ddc
_cTH
999 _c480866
_d480866